000 01677nam a2200349 a 4500
999 _c141993
_d141993
003 BLK
005 20240926004019.0
008 180409b bul|||||r ||||||| ||bul||
010 _aKNG00148069000
040 _aBLK
041 _aBUL
_cBUL
080 _aБългарска литература
_b821.163.2
_x-93-1
_z821.163.2-93-1
100 1 _aЧичо Стоян
_eпърви автор
_gПопов, Стоян Михайлов
_9376387
139 _aПопов, Стоян Михайлов
_bП 76
245 1 0 _aСърдитко
_bСтихотворения за деца
_cЧичо Стоян; худож. Вадим Вадимович Лазаркевич; състав. и предг. от Божанка Константинова; * Стоян Михайлов Попов.
257 _aBGR
260 _aСофия
_bБълг. писател
_c1985
_fСофия : ДП Д. Благоев
300 _a112 с.
_bс ил.
_c22 см
380 _aDX
500 _aВ кн. авт. с псевдоним Чичо Стоян. - 200 100 тир.
653 _aлитература за деца
653 _aдетска литература
700 1 _aКонстантинова, Божанка
_eсъстав. и предг. от
_9367779
700 1 _aПопов, Стоян Михайлов
_e*
_9372942
852 _aЦб 262185
856 4 _qpdf
_i1.20
_ldisable
856 4 _qpdf
_i1.20
_ldisable
942 _cKNG
_n0
_04
_s1
944 _aCR
_c01.08.2013
_lCRON CRON
_k
944 _aED
_c19.09.2017
_l01.08.2013 - от С1,Р / 01.08.2013
_kНаталия_Любомирова
999 _d141993